000 00697nam a2200289Ia 4500
005 20260324143156.0
008 008 260324s9999 xx 000 0 eng d
020 _a9781315021188
037 _aEBOOK
040 _aCRL
040 _beng
040 _cCRL
041 _2eng
041 _aeng
084 _qCRL
100 _aLawrence Grossberg
_91188794
245 0 _aWe Gotta Get Out of This Place
245 0 _bPopular Conservatism and Postmodern Culture
260 _bTaylor and Francis
260 _c1992
365 _a
365 _b230
856 _uhttp://www.taylorfrancis.com/books/9781315021188
942 _cEBOOK
999 _c1819753
_d1819753